| 000 | 00349cam a2200145ua 4500 | ||
|---|---|---|---|
| 041 |
_aeng _h |
||
| 082 |
_a891.43 _bMIT/SA |
||
| 100 | _aSak, Mittri . | ||
| 245 |
_aSavakat Hamiya / _cSak Mitrri. _hTextual Documents |
||
| 260 |
_a : _bHindi Parcharka Pusthakayala , _c1994. |
||
| 300 | _a30 ; . | ||
| 504 | _a | ||
| 942 | _cBK | ||
| 999 |
_c3400 _d3400 |
||